| 000 | 00432nam a2200145 a 4500 | ||
|---|---|---|---|
| 001 | 000049122 | ||
| 005 | 20201002061655.0 | ||
| 008 | 190722s2004 dr 000 spa d | ||
| 040 |
_aDO-SdBNP _bspa _cBNPHU |
||
| 082 |
_axxx _bI381 |
||
| 245 | 0 | _aIndice de precios al consumidor 2003. | |
| 260 |
_aSanto Domingo : _bBanco Central de la República Dominicana, _c2004. |
||
| 300 |
_a166 p. ; _c28 cm. |
||
| 590 | _aInventariado, 2019 / DG | ||
| 999 |
_c48610 _d48610 |
||